000 00672nam a22002057a 4500
003 OSt
005 20250730033103.0
008 250730b |||||||| |||| 00| 0 eng d
020 _a9789719552901
040 _aDWCL-Main lib
_cOC
082 _aFil. 158.3072 A162r 2012
100 _aAbrenica, Alexa Priela
245 _aResearch to enhance guidance practice/
_cAlexa Priela Abrenica
260 _aManila :
_bAbrenica Psychological Diagnostic Publishing,
_cc2012.
300 _aiii, 156 pages ;
_c 23 cm.
504 _aIncludes glossary
650 _a1. Counseling--Research.
650 _a2. Guidance and counseling--Research.
942 _2ddc
_cBK - FIL
_kFil.
_n0
999 _c3895
_d3895